| 000 | 00824nam a2200217 a 4500 | ||
|---|---|---|---|
| 001 | BRCA_3044 | ||
| 005 | 20190320204101.0 | ||
| 008 | 220109s1994----mx-a---###---#000-0#spa-# | ||
| 050 | 4 |
_aTX716 _b.L46 1994 |
|
| 100 | 1 |
_aLeón García, María del Carmen _9528 |
|
| 245 | 1 | 0 |
_aEl libro de Dominga de Guzmán _bun documento personal del siglo XVIII. |
| 260 |
_aCiudad de México _c1994 |
||
| 300 |
_a263 p. _bil. _c28 cm. |
||
| 502 | _aTesis Licenciatura (Licenciada en Historia) Escuela Nacional de Antropología e Historia | ||
| 600 | 1 | 4 |
_aGuzmán Dominga de _cRecetario de doña Dominga de Guzmán _xHistoria _ySiglo XVIII _98355 |
| 650 | 1 | 4 |
_aManuscritos mexicanos _ySiglo XVIII _98356 |
| 650 | 1 | 4 |
_aHábitos alimenticios _xHistoria _ySiglo XVIII _zMéxico _9531 |
| 653 | 0 | _aCocina mexicana | |
| 902 | _aTES | ||
| 942 |
_2lcc _cTES |
||
| 999 |
_c2780 _d2780 |
||